000 00473nam a22001817a 4500
003 NUST - PNEC
005 20170116180918.0
008 150904b xxu||||| |||| 00| 0 eng d
020 _a0030595711
020 _a4833702703
040 _cLIBRARY
082 _a621.3BOB
100 _97540
_aBobrow, Leonard S.
245 _aFundamentals of electrical engineering
_cLeonard S. Bobrow
260 _cc.1985
650 _97545
_aElectrical engineering
_xEE
942 _2ddc
_cBK
999 _c65511
_d65511